Appled cognitive psychology/ (Record no. 210656)

MARC details
000 -LEADER
fixed length control field 00557nam a22001937a 4500
005 - DATE AND TIME OF LATEST TRANSACTION
control field 20250402141539.0
010 ## - LCCN (DPL NO)
LC control number ENG-144458
020 ## - INTERNATIONAL STANDARD BOOK NUMBER
International Standard Book Number 9788178808116
Terms of availability 1395.00
035 ## - SYSTEM CONTROL NUMBER
System control number EN-127990
037 ## - SOURCE OF ACQUISITION
Source of stock number/acquisition DBAD
082 ## - DEWEY DECIMAL CLASSIFICATION NUMBER
Classification number 370.15
100 ## - MAIN ENTRY--PERSONAL NAME
Personal name Tajpuria, Nisha M.
245 ## - TITLE STATEMENT
Title Appled cognitive psychology/
Statement of responsibility, etc Tajpuria, Nisha M.
250 ## - EDITION STATEMENT
Edition statement 1
260 ## - PUBLICATION, DISTRIBUTION, ETC. (IMPRINT)
Place of publication, distribution, etc New Delhi
Name of publisher, distributor, etc Rajat Publications
Date of publication, distribution, etc 2024
270 ## - ADDRESS
Address 4740/23, Ansari Road, Daryagan
City New Delhi
Postal code 110002
300 ## - PHYSICAL DESCRIPTION
Extent 212p.
Dimensions 24cm(Hb)
942 ## - ADDED ENTRY ELEMENTS (KOHA)
Source of classification or shelving scheme Dewey Decimal Classification
Item type English Books
Call number suffix TAJ
Classification part 370.15
Holdings
Withdrawn status Lost status Not for loan Collection code Home library Current library Date acquired Source of acquisition Cost, normal purchase price Full call number Barcode Copy number Cost, replacement price Koha item type
      Non-fiction Kasturba Gandhi Marg Kasturba Gandhi Marg 02/04/2025 Delivery of Books Act Division 1395.00 TAJ 370.15 EN-127990 1 1395.00 English Books

© Delhi Public Library
Hit Counter
free hit counter